000 01224nam a2200325 i 4500
003 EG-GICUC
005 20260429123119.0
008 260429s2001 ua ||||fr|||| 000 0 ara d
017 _a2000/18714
020 _a977-04-3213-X
040 _a EG-GICUC
_bara
_c EG-GICUC
_d EG-GICUC
_erda
041 0 _aara
082 0 4 _221
_a345.382242
_bإ ب . إ
092 0 4 _221
099 _aLaw1 07 345.382242 إ ب . إ 2001
100 0 _aإبراهيم محمد على.
_eمؤلف.
245 1 2 _aالإتجاهات الحديثة في مسئولية الدولة عن أعمال السلطة القضائية /
_cإبراهيم محمد على.
264 1 _aالقاهرة :
_bدار النهضة العربية،
_c2001.
300 _a79 صفحة ؛
_c24 سم
336 _2rda content
_atext
337 _2rda media
_aComputer
338 _2rda carrier
_aOnline Resource
504 _aيشتمل على إرجاعات ببليوجرافية.
546 _aالنص باللغة العربية
650 1 _aالمسئولية عن اعمال السلطة القضائية
_2qrmak
651 1 _2qrmak
856 4 0 _uhttps://fll.law.cu.edu.eg/fulltext/bks/B07-04335.pdf
905 _a62
942 _2ddc
_cBK
_e21
_n0
999 _c74168
_d74168